Informácie dostanete ihneď Systém "hovorí" v troch jazykoch

Aplikácia inteligentného turistického informačného systému (ITIS) na Slovensku. Systém založený na báze počítača informuje domácich a zahraničných turistov o možnostiach ubytovania, návštevy kultúrnych pamiatok miest, regiónu. Komunikácia systému v cudzích jazykoch. Prínos systému.

Enregistré dans:
Détails bibliographiques
Auteur principal: Ďurovská, J.
Format: Chapitre de livre
Langue:slovaque
Sujets:
Tags: Ajouter un tag
Pas de tags, Soyez le premier à ajouter un tag!

MARC

LEADER 00000naa a2200000 4500
001 r014117
005 20221213123242.5
041 0 |a slo 
044 |a SK 
245 1 0 |a Informácie dostanete ihneď  |b Systém "hovorí" v troch jazykoch  |c J. Ďurovská 
520 |a Aplikácia inteligentného turistického informačného systému (ITIS) na Slovensku. Systém založený na báze počítača informuje domácich a zahraničných turistov o možnostiach ubytovania, návštevy kultúrnych pamiatok miest, regiónu. Komunikácia systému v cudzích jazykoch. Prínos systému. 
610 2 0 |a systémy informačné 
610 2 0 |a ITIS 
610 2 0 |a ruch cestovný 
610 2 0 |a turistika 
610 2 0 |a služby informačné 
100 1 |a Ďurovská, J.